15 mots d'anglais #6 - Statistiques

Statistiques générales
  • Ce quiz a été pris 93 fois
  • Le résultat moyen est 6 sur 15
Statistiques - réponses
Français Anglais % Correct
Dernier Latest / Last
94%
Fermier Farmer
66%
Bas / Faible Low
65%
Jalousie Jealousy
63%
Habitude Habit
56%
Chasser To hunt
56%
Au dessus de Above
40%
Rôtir To roast
37%
Sondage Poll / Survey
32%
Parfum Fragrance
27%
Arbalète Crossbow
21%
Cyclope Cyclops
18%
Remorque Trailer
11%
Dérouler To unroll
8%
Conduite / Canalisation Duct
2%
Aucun quiz correspondant
Distribution des résultats
% des personnes avec chaque résultat
Percentile par nombre de réponses
Votre historique - résultats
Vous n’avez pas pris ce quiz